| 000 | 00599nam a2200193Ia 4500 | ||
|---|---|---|---|
| 001 | 39183 | ||
| 003 | OSt | ||
| 005 | 20160505094959.0 | ||
| 008 | 140423s9999 xx 000 0 und d | ||
| 020 | _a969469101x | ||
| 040 | _cPK-LaUMT | ||
| 082 |
_a 291 _bKAK-D |
||
| 100 | _aKaikhro Asfandar Yar | ||
| 245 |
_a(دابستان مذاہب)Dabastaan-e-mazaahib (Urdu) _c(اسفند یار)Kaikhro Asfandar Yar |
||
| 260 |
_a(لاہور،پاکستان)Lahore,Pakistan: _b(ادارہ ثقافت اسلامیہ)Idarah-e-Sikaft-e-Islamia, _c2002 |
||
| 300 | _a423 p. | ||
| 546 | _aUR | ||
| 942 |
_cBK _2ddc |
||
| 999 |
_c38498 _d38498 |
||